[Event "Arber op 6th"]
[Site "Bodenmais"]
[Date "2017.08.05"]
[Round "8"]
[White "Kelemen, Norbert"]
[Black "Gehrke, Jakob"]
[Result "1-0"]
[WhiteElo "1683"]
[BlackElo "1352"]
[PlyCount "119"]
[EventDate "2017.07.29"]
[EventType "swiss"]
[EventRounds "9"]
[EventCountry "GER"]
[SourceTitle "EXT 2018"]
[Source "ChessBase"]
[SourceDate "2017.10.13"]
[SourceVersion "1"]
[SourceVersionDate "2017.10.13"]
[SourceQuality "1"]

1. c4 e5 2. g3 Bc5 3. Bg2 Nc6 4. Nc3 Nf6 5. e3 d6 6. Nge2 Bg4 7. h3 Be6 8. d4 exd4 9. exd4 Bxc4 10. dxc5 dxc5 11. Be3 Qxd1+ 12. Rxd1 0-0 13. 0-0 Rfe8 14. b3 Ba6 15. Rd2 Rad8 16. Rfd1 Rxd2 17. Rxd2 h6 18. Nf4 Re5 19. Nfd5 Ne8 20. f4 Re6 21. Bxc5 b6 22. Be3 Ne7 23. Kf2 Nxd5 24. Nxd5 Bb5 25. Nc3 Bc6 26. Bxc6 Rxc6 27. Nd5 Kf8 28. Nb4 Rf6 29. Rd7 c5 30. Nd5 Rd6 31. Rxd6 Nxd6 32. Nc3 f5 33. Bd2 Ke7 34. Ke3 Ke6 35. Ne2 g5 36. fxg5 hxg5 37. Kf3 Ne4 38. Be1 Ke5 39. Nc3 Nd6 40. Bd2 Kf6 41. g4 Kg6 42. Nd5 f4 43. Be1 Nf7 44. Bc3 Nd6 45. Be5 Nc8 46. Nf6 Ne7 47. Ne4 Nc6 48. Bf6 a6 49. Bxg5 Nd4+ 50. Kxf4 Ne6+ 51. Ke5 Nxg5 52. Nxg5 Kxg5 53. Kd6 Kf6 54. Kc6 Ke5 55. Kxb6 Kd5 56. Kxa6 c4 57. bxc4+ Kxc4 58. a4 Kc5 59. Kb7 Kb4 60. g5 1-0

[Event "GER-ch U25-B"]
[Site "Willingen"]
[Date "2016.05.19"]
[Round "7"]
[White "Gehrke, Jakob"]
[Black "Reyher, Bastian"]
[Result "1-0"]
[WhiteElo "1370"]
[BlackElo "1038"]
[PlyCount "73"]
[EventDate "2016.05.15"]
[EventType "swiss"]
[EventRounds "9"]
[EventCountry "GER"]
[SourceTitle "CBM 172 Extra"]
[Source "ChessBase"]
[SourceDate "2016.06.21"]
[SourceVersion "1"]
[SourceVersionDate "2016.06.21"]
[SourceQuality "1"]

1. e4 c5 2. Nc3 Nc6 3. Bd3 g6 4. b3 Bg7 5. Bb2 Nf6 6. Nf3 0-0 7. Qe2 d6 8. 0-0-0 Bg4 9. h3 Be6 10. g4 d5 11. exd5 Bxd5 12. Nxd5 Nxd5 13. Bxg7 Kxg7 14. c3 Nf4 15. Qe3 Nxd3+ 16. Kc2 Nce5 17. Nxe5 Nxe5 18. Qxe5+ f6 19. Qxc5 b6 20. Qe3 Qd6 21. Kb2 a5 22. Qe2 a4 23. b4 a3+ 24. Kb1 Rfd8 25. f3 Ra4 26. Qb5 Ra7 27. h4 Rc8 28. g5 h5 29. gxf6+ exf6 30. Rhg1 Qf4 31. Qxh5 g5 32. hxg5 Qf5+ 33. Kc1 Qd3 34. gxf6+ Kxf6 35. Qh6+ Ke5 36. Rg5+ Kf4 37. Qh4+ 1-0

[Event "GER-ch U25-B"]
[Site "Willingen"]
[Date "2016.05.15"]
[Round "1"]
[White "Gehrke, Jakob"]
[Black "Voltmer, Victor"]
[Result "1/2-1/2"]
[WhiteElo "1370"]
[BlackElo "1028"]
[PlyCount "43"]
[EventDate "2016.05.15"]
[EventType "swiss"]
[EventRounds "9"]
[EventCountry "GER"]
[SourceTitle "CBM 172 Extra"]
[Source "ChessBase"]
[SourceDate "2016.06.21"]
[SourceVersion "1"]
[SourceVersionDate "2016.06.21"]
[SourceQuality "1"]

1. e4 d6 2. d4 Nf6 3. Nc3 g6 4. Nf3 Bg7 5. Be3 Bg4 6. Be2 Bxf3 7. Bxf3 Nbd7 8. Qd2 0-0 9. Bh6 c6 10. g4 Ne8 11. g5 f6 12. Bg4 Nc7 13. h4 Bxh6 14. gxh6 d5 15. exd5 cxd5 16. Rg1 e5 17. Nxd5 f5 18. Nxc7 Qxc7 19. Bh3 exd4 20. Qxd4 Qe5+ 21. Qxe5 Nxe5 22. 0-0-0 1/2-1/2

[Event "GER-ch U25-B"]
[Site "Willingen"]
[Date "2016.05.15"]
[Round "2"]
[White "Hierl, Johannes"]
[Black "Gehrke, Jakob"]
[Result "1/2-1/2"]
[WhiteElo "1142"]
[BlackElo "1370"]
[PlyCount "61"]
[EventDate "2016.05.15"]
[EventType "swiss"]
[EventRounds "9"]
[EventCountry "GER"]
[SourceTitle "CBM 172 Extra"]
[Source "ChessBase"]
[SourceDate "2016.06.21"]
[SourceVersion "1"]
[SourceVersionDate "2016.06.21"]
[SourceQuality "1"]

1. e4 e5 2. Nf3 Nc6 3. Bb5 Nge7 4. 0-0 g6 5. d3 Bg7 6. Bg5 d5 7. Bxc6+ bxc6 8. Re1 d4 9. Nbd2 f6 10. Bh4 g5 11. Bxg5 fxg5 12. Nxg5 Ng6 13. Qh5 Qf6 14. Nxh7 Qf7 15. Nf3 Bf8 16. Nxe5 Rxh7 17. Qxg6 Qxg6 18. Nxg6 Rg7 19. Nxf8 Kxf8 20. f4 Bh3 21. Re2 Kf7 22. Rf1 Rb8 23. b3 Rbg8 24. Rff2 Kf6 25. g3 Bg4 26. e5+ Ke6 27. Re4 c5 28. c3 Bf5 29. Re1 dxc3 30. Rc2 Kd5 31. Rxc3 1/2-1/2